LIBRARY & INFORMATION CENTRE, KCAET, TAVANUR

ONLINE PUBLIC ACCESS CATALOGUE (OPAC)

Llimit State Design of Reinforced Concrete (Record no. 14454)

MARC details
000 -LEADER
fixed length control field 00329nam a22001337a 4500
020 ## - INTERNATIONAL STANDARD BOOK NUMBER
ISBN 9788120320390
082 ## - DEWEY DECIMAL CLASSIFICATION NUMBER
Classification number 624.1834
Item number VAR/LI
100 ## - MAIN ENTRY--AUTHOR NAME
Personal name Varghese,P.C
245 ## - TITLE STATEMENT
Title Llimit State Design of Reinforced Concrete
250 ## - EDITION STATEMENT
Edition statement 2 nd
260 ## - PUBLICATION, DISTRIBUTION, ETC. (IMPRINT)
Place of publication Delhi
Name of publisher PHI Learning Private Limited
Year of publication 2013
300 ## - PHYSICAL DESCRIPTION
Number of Pages 545
942 ## - ADDED ENTRY ELEMENTS (KOHA)
Koha item type Books
Holdings
Withdrawn status Lost status Damaged status Collection code Home library Current library Shelving location Date acquired Source of acquisition Cost, normal purchase price Full call number Accession Number Koha item type
        KAUAET KAUAET General Stacks 04/07/2016 Aman Book Stall, Calicut 350.00 624.1834 VAR/LI 25007 Books
free website counter